| 000 | 00462nam a2200193Ia 4500 | ||
|---|---|---|---|
| 008 | 210210b2016 xxu||||| |||| 00| 0 eng d | ||
| 020 | _a9780198072638 | ||
| 041 | _aeng | ||
| 082 | _a658.42 ROYE | ||
| 100 | _aROY (Rajeev) | ||
| 245 | _aEntrepreneurship Ed 2 | ||
| 260 |
_aNew Delhi _bOxford University Press _c2016 |
||
| 300 | _axvi,571 | ||
| 650 | _aEntrepreneurship | ||
| 650 | _aEd | ||
| 650 | _a2 | ||
| 690 | _aEntrepreneurship | ||
| 906 | _a071694 | ||
| 999 |
_c121433 _d121433 |
||